Talpra magyar hazafias költemények nemzeti ünnepekre

Elmentve itt :
Bibliográfiai részletek
Dokumentumtípus: Könyv
Megjelent: Engel Lajos kiadása Szeged, Magyarország 1901
Kulcsszavak:Magyar irodalom - vers - antológia - tematikus, Magyar irodalom - költészet - 18. sz. - antológia - tematikus, Hazaszeretet ábrázolása - irodalmi - magyar - antológia
Tárgyszavak:
Online Access:http://misc.bibl.u-szeged.hu/57700
LEADER 00806nam a2200181 i 4500
001 misc57700
005 20210514211830.0
008 210514s1901 hu o 0|| hun d
040 |a SZTE Miscellanea Repozitórium  |b hun 
041 |a hun 
245 0 0 |a Talpra magyar   |h [elektronikus dokumentum] :  |b hazafias költemények nemzeti ünnepekre 
260 |a Engel Lajos kiadása  |b Szeged, Magyarország  |c 1901 
300 |a 256 p.  |c 17 cm 
650 4 |a Bölcsészettudományok 
650 4 |a Nyelvek és irodalom 
650 4 |a Általános irodalomtudományok 
695 |a Magyar irodalom - vers - antológia - tematikus, Magyar irodalom - költészet - 18. sz. - antológia - tematikus, Hazaszeretet ábrázolása - irodalmi - magyar - antológia 
856 4 0 |u http://misc.bibl.u-szeged.hu/57700/1/xa_117928.pdf  |z Dokumentum-elérés